Posthumously Published Authors Quiz Stats

 Plays Quiz Updated Jul 28, 2014

Score 0/26 Timer 07:00
1 Play Today
Book Author % Correct
The Diary of a Young Girl Anne Frank
62.4%
Persuasion Jane Austen
58.7%
The Man With The Golden Gun Ian Fleming
55.1%
The Silmarillion J.R.R. Tolkien
54.2%
The Prince Niccolò Machiavelli
53.2%
The Mystery of Edwin Drood Charles Dickens
49.2%
The TrialFranz Kafka
38.9%
The Last Tycoon F. Scott Fitzgerald
34.3%
Sleeping Murder Agatha Christie
26.2%
Forward the Foundation Isaac Asimov
20.4%
A Confederacy of DuncesJohn Kennedy Toole
19.3%
Billions and Billions Carl Sagan
14%
Pirate LatitudesMichael Crichton
12.9%
Book Author % Correct
The Vicar of NibbleswickeRoald Dahl
11.7%
Armageddon in Retrospect Kurt Vonnegut
10.9%
The Original of LauraVladimir Nabokov
9.4%
The Janson Directive Robert Ludlum
9.1%
Juneteenth Ralph Ellison
8.3%
The Pale KingDavid Foster Wallace
8.3%
Runny BabbitShel Silverstein
8%
Between the Acts Virginia Woolf
7%
Portrait of an Artist, as an Old Man Joseph Heller
6.8%
And the Hippos Were Boiled in Their TanksJack Kerouac and William S. Burroughs
6.3%
The First Man Albert Camus
6.2%
Paris in the 20th Century Jules Verne
4.8%
The Red Book Carl Jung
3.5%

You're not logged in!

Compare scores with friends on all Sporcle quizzes.
OR
Log In

Show Comments

Extras

Top Quizzes Today


Score Distribution

Your Account Isn't Verified!

In order to create a playlist on Sporcle, you need to verify the email address you used during registration. Go to your Sporcle Settings to finish the process.

Report this User

Report this user for behavior that violates our Community Guidelines.

Details: